[Event "Copenhagen Ch"]
[Site "Copenhagen"]
[Date "2004.10.14"]
[Round "6"]
[White "Aabling Thomsen, Jakob"]
[Black "Andersen, Ejnar"]
[Result "1-0"]
[WhiteElo "2136"]
[BlackElo "2048"]
[PlyCount "61"]
[EventDate "2004.??.??"]
[EventType "swiss"]
[EventRounds "9"]
[EventCountry "DEN"]

1. e4 d6 2. d4 g6 3. h4 h6 4. Nc3 Bg7 5. Be3 c6 6. Qd2 a5 7. f3 Na6 8. Nh3 Bxh3
9. Rxh3 e6 10. d5 cxd5 11. exd5 e5 12. Bb5+ Kf8 13. g4 Ne7 14. O-O-O Nc7 15. a4
Kg8 16. Qd3 Ne8 17. Ne4 Qc7 18. Qa3 f5 19. Bxe8 fxe4 20. Bb5 Rc8 21. c4 exf3
22. Qd3 Rf8 23. h5 Qc8 24. Qe4 f2 25. Rf1 Kh7 26. Rh2 Rf6 27. g5 Qf5 28. Qh1
Qf3 29. gxf6 Qxe3+ 30. Kb1 Bxf6 31. Rhxf2 1-0

[Event "Copenhagen Ch"]
[Site "Copenhagen"]
[Date "2004.10.16"]
[Round "8"]
[White "Aabling Thomsen, Jakob"]
[Black "Auchenberg, Per"]
[Result "1/2-1/2"]
[WhiteElo "2136"]
[BlackElo "2088"]
[PlyCount "42"]
[EventDate "2004.??.??"]
[EventType "swiss"]
[EventRounds "9"]
[EventCountry "DEN"]

1. e4 c5 2. Nf3 e6 3. d4 cxd4 4. Nxd4 Nf6 5. Bd3 Nc6 6. Nxc6 dxc6 7. O-O e5 8.
Nc3 Be6 9. Kh1 Bd6 10. Qe2 Qc7 11. Bg5 h6 12. Bxf6 gxf6 13. a3 h5 14. b4 h4 15.
Nd1 a5 16. Rb1 axb4 17. axb4 c5 18. c3 Ra2 19. Rb2 Rxb2 20. Qxb2 cxb4 21. cxb4
Qb6 1/2-1/2

[Event "Copenhagen Ch"]
[Site "Copenhagen"]
[Date "2004.10.12"]
[Round "4"]
[White "Aabling Thomsen, Jakob"]
[Black "Skovgaard, Peter Nicolai"]
[Result "1/2-1/2"]
[WhiteElo "2136"]
[BlackElo "2137"]
[PlyCount "133"]
[EventDate "2004.??.??"]
[EventType "swiss"]
[EventRounds "9"]
[EventCountry "DEN"]

1. c4 c5 2. g3 g6 3. Bg2 Bg7 4. Nc3 Nc6 5. a3 a5 6. Nf3 d6 7. O-O e5 8. d3 Nge7
9. Rb1 O-O 10. Bd2 Rb8 11. Ne1 Be6 12. Nc2 Qd7 13. b4 axb4 14. axb4 b6 15. b5
Nd4 16. Ne3 Bh3 17. Ned5 Nxd5 18. Nxd5 Bxg2 19. Kxg2 Qb7 20. Bc3 Nf5 21. e4 Ne7
22. Nxe7+ Qxe7 23. Ra1 f5 24. Ra6 Qb7 25. Qa4 fxe4 26. Ra7 Ra8 27. Rxb7 Rxa4
28. dxe4 Rxc4 29. Ba1 Rxe4 30. Rxb6 Rd8 31. Rd1 Rb4 32. Rb7 d5 33. f4 d4 34.
fxe5 Bxe5 35. Bc3 Ra4 36. b6 Rb8 37. Rxb8+ Bxb8 38. Bd2 Ra6 39. Kf3 Rxb6 40.
Ke4 Rb2 41. Kd5 Rc2 42. g4 Kg7 43. h4 Bg3 44. g5 Bxh4 45. Bf4 Rg2 46. Be5+ Kf7
47. Rh1 Rg4 48. Ra1 Bxg5 49. Ra7+ Ke8 50. Ra8+ Kd7 51. Ra7+ Ke8 52. Ke6 Re4 53.
Rxh7 Rxe5+ 54. Kxe5 d3 55. Rh1 d2 56. Kd5 Ke7 57. Kxc5 Be3+ 58. Kd5 Bf2 59. Rb1
Kf6 60. Ke4 Be1 61. Kf4 g5+ 62. Kg4 Bf2 63. Kf3 Be1 64. Kg4 Ke5 65. Kxg5 Ke4
66. Rd1 Kd3 67. Rxd2+ 1/2-1/2

[Event "Copenhagen Ch"]
[Site "Copenhagen"]
[Date "2004.10.10"]
[Round "2"]
[White "Aabling Thomsen, Jakob"]
[Black "Madsen, Poul Henrik"]
[Result "1-0"]
[WhiteElo "2136"]
[BlackElo "2098"]
[PlyCount "49"]
[EventDate "2004.??.??"]
[EventType "swiss"]
[EventRounds "9"]
[EventCountry "DEN"]

1. e4 d5 2. exd5 Qxd5 3. Nc3 Qe5+ 4. Be2 c6 5. d4 Qc7 6. Qd3 g6 7. g4 Nf6 8. h3
Bg7 9. f4 O-O 10. Be3 Na6 11. a3 Rd8 12. Bf3 Qa5 13. Nge2 Be6 14. O-O Nc5 15.
Qd2 Na4 16. b4 Qa6 17. f5 Bc4 18. Nxa4 Qxa4 19. Rf2 Bxe2 20. Rxe2 a5 21. Rb1
Qxa3 22. bxa5 Rd7 23. c3 Qxa5 24. Bg5 Qa2 25. Qxa2 1-0

[Event "Copenhagen Ch"]
[Site "Copenhagen"]
[Date "2004.10.12"]
[Round "4"]
[White "Al Saad, Mofid"]
[Black "Madhy, Nezar"]
[Result "0-1"]
[WhiteElo "1507"]
[BlackElo "1640"]
[PlyCount "46"]
[EventDate "2004.??.??"]
[EventType "swiss"]
[EventRounds "9"]
[EventCountry "DEN"]

1. d4 Nf6 2. c4 e6 3. Nf3 b6 4. Nc3 Bb7 5. e3 Bb4 6. Bd3 O-O 7. O-O d5 8. cxd5
exd5 9. Ne2 Nbd7 10. Ng3 Re8 11. a3 Bf8 12. b4 g6 13. Rb1 Bg7 14. h4 Ne4 15.
Bd2 Ndf6 16. Ne5 Nxd2 17. Qxd2 Ne4 18. Nxe4 dxe4 19. Bb5 Rxe5 20. Qe2 Rf5 21.
g3 a5 22. Bc4 axb4 23. axb4 Bd5 0-1

[Event "Copenhagen Ch"]
[Site "Copenhagen"]
[Date "2004.10.10"]
[Round "2"]
[White "Al Saad, Mofid"]
[Black "Pedersen, Steen"]
[Result "0-1"]
[WhiteElo "1507"]
[BlackElo "1958"]
[PlyCount "88"]
[EventDate "2004.??.??"]
[EventType "swiss"]
[EventRounds "9"]
[EventCountry "DEN"]

1. d4 Nf6 2. c4 g6 3. Nf3 Bg7 4. Nc3 O-O 5. e4 d6 6. h3 e5 7. Be3 Nc6 8. d5 Ne7
9. Bd3 Ne8 10. g4 f5 11. gxf5 gxf5 12. Bg5 Nf6 13. Qe2 Qe8 14. Bxf6 Rxf6 15.
Ng5 h6 16. Ne6 Bxe6 17. dxe6 Rxe6 18. exf5 Rf6 19. O-O-O Qd7 20. Rhg1 Nxf5 21.
Nd5 Rf7 22. Qe4 c6 23. Qxf5 Rxf5 24. Bxf5 Qf7 25. Ne3 Rd8 26. Rg2 Kh8 27. Rdg1
Bf6 28. Rg6 Bg5 29. h4 Qxf5 30. R6xg5 Qxf2 31. R5g3 d5 32. cxd5 cxd5 33. Nd1
Qf5 34. Rg6 Rc8+ 35. Nc3 Qf4+ 36. Kd1 d4 37. R1g4 Qf1+ 38. Kc2 d3+ 39. Kd2 Qf8
40. a3 Kh7 41. Ne4 Rc6 42. h5 Rxg6 43. Rxg6 Qf4+ 44. Kxd3 Qf3+ 0-1

[Event "Copenhagen Ch"]
[Site "Copenhagen"]
[Date "2004.10.17"]
[Round "9"]
[White "Al Saad, Mofid"]
[Black "Nielsen, Thomas"]
[Result "0-1"]
[WhiteElo "1507"]
[BlackElo "1994"]
[PlyCount "72"]
[EventDate "2004.??.??"]
[EventType "swiss"]
[EventRounds "9"]
[EventCountry "DEN"]

1. d4 Nf6 2. c4 e5 3. dxe5 Ne4 4. Nf3 Nc6 5. a3 d6 6. Qa4 Nc5 7. Bg5 Be7 8.
Bxe7 Qxe7 9. exd6 cxd6 10. Qd1 Bf5 11. e3 O-O 12. Nc3 Qf6 13. Be2 Rad8 14. O-O
Rfe8 15. Nd4 Nxd4 16. exd4 Ne6 17. d5 Ng5 18. Bd3 Ne4 19. Rc1 Qg6 20. Qf3 Re5
21. Nxe4 Bxe4 22. Bxe4 Rxe4 23. Rfe1 Rde8 24. Rxe4 Rxe4 25. h3 h6 26. b4 Rd4
27. Qe3 Rd3 28. Qe8+ Kh7 29. Qd7 Rxa3 30. c5 Rd3 31. c6 Qg5 32. Rc4 Rd1+ 33.
Kh2 Qe5+ 34. f4 Qxd5 35. c7 Qxc4 36. c8=Q Qxf4+ 0-1

[Event "Copenhagen Ch"]
[Site "Copenhagen"]
[Date "2004.10.15"]
[Round "7"]
[White "Al Saad, Mofid"]
[Black "Haagen Larsen, Hans"]
[Result "0-1"]
[WhiteElo "1507"]
[BlackElo "1885"]
[PlyCount "92"]
[EventDate "2004.??.??"]
[EventType "swiss"]
[EventRounds "9"]
[EventCountry "DEN"]

1. d4 d6 2. c4 g6 3. Nc3 Bg7 4. e4 Nc6 5. Be3 e5 6. d5 Nce7 7. Bd3 f5 8. g3 Nf6
9. Bg5 O-O 10. Nge2 a6 11. Qd2 Bd7 12. Bh6 Bxh6 13. Qxh6 Ng4 14. Qg5 Nxf2 15.
Kd2 Nxh1 16. Rxh1 fxe4 17. Nxe4 Nf5 18. h4 Qxg5+ 19. hxg5 b5 20. Nf6+ Rxf6 21.
gxf6 Nd4 22. Nc3 bxc4 23. Bxc4 Nf3+ 24. Ke3 Ng5 25. Be2 h5 26. Rf1 Rb8 27. b3
a5 28. Bc4 Kf7 29. a4 Bf5 30. Nb5 Rb7 31. Be2 Ne4 32. Rg1 Nxf6 33. Bc4 Ke7 34.
Nc3 Rb4 35. Rd1 Bc2 36. Rd2 Bxb3 37. Bb5 Bc4 38. Bc6 Rb3 39. Rc2 Bxd5 40. Bb5
g5 41. Bd3 c5 42. Bf5 Be6 43. Bxe6 Kxe6 44. Kd2 d5 45. Ne2 Ne4+ 46. Kc1 c4 0-1

[Event "Copenhagen Ch"]
[Site "Copenhagen"]
[Date "2004.10.11"]
[Round "3"]
[White "Andersen, Ejnar"]
[Black "Moller, Arne"]
[Result "1-0"]
[WhiteElo "2048"]
[BlackElo "1935"]
[PlyCount "77"]
[EventDate "2004.??.??"]
[EventType "swiss"]
[EventRounds "9"]
[EventCountry "DEN"]

1. d4 Nf6 2. g3 g6 3. Bg2 Bg7 4. e4 d6 5. Ne2 O-O 6. Nbc3 e5 7. O-O c6 8. h3
Na6 9. Be3 Bd7 10. Qd2 b5 11. a3 Nc7 12. Rad1 Qc8 13. Kh2 a5 14. b4 axb4 15.
axb4 Ra3 16. f4 Be6 17. f5 Bc4 18. Rf2 Na6 19. g4 Qc7 20. dxe5 dxe5 21. Bh6 c5
22. Bxg7 Kxg7 23. Nd5 Nxd5 24. exd5 e4+ 25. d6 e3 26. Qc1 Qb6 27. Qxa3 exf2 28.
Ng3 cxb4 29. Qb2+ f6 30. g5 f1=N+ 31. Bxf1 Qf2+ 32. Bg2 b3 33. gxf6+ Kf7 34. d7
gxf5 35. Qa3 b4 36. Qc1 Qxc2 37. Qh6 Qxd1 38. Qg7+ Ke6 39. Qe7# 1-0

[Event "Copenhagen Ch"]
[Site "Copenhagen"]
[Date "2004.10.17"]
[Round "9"]
[White "Andersen, Ejnar"]
[Black "Jensen, Soren"]
[Result "1-0"]
[WhiteElo "2048"]
[BlackElo "2047"]
[PlyCount "69"]
[EventDate "2004.??.??"]
[EventType "swiss"]
[EventRounds "9"]
[EventCountry "DEN"]

1. d4 Nf6 2. g3 d5 3. Bg2 e6 4. Nd2 Be7 5. Ngf3 O-O 6. O-O b5 7. b3 Nbd7 8. Bb2
Bb7 9. Rc1 c5 10. c4 dxc4 11. bxc4 b4 12. e3 Qb6 13. Nb3 Rfd8 14. Qe2 a5 15.
dxc5 Nxc5 16. Nxc5 Qxc5 17. Nd4 Bxg2 18. Kxg2 Nd7 19. f4 Bf6 20. Rf2 Rac8 21.
Qf3 Qb6 22. g4 Nc5 23. g5 Be7 24. f5 Bxg5 25. fxe6 f6 26. e7 Rd7 27. Nf5 g6 28.
h4 gxf5 29. hxg5 Rxe7 30. gxf6 Rf7 31. Rd2 Ne4 32. Qxf5 Qc6 33. Rd5 Nxf6 34.
Rf1 Rcc7 35. Bxf6 1-0

[Event "Copenhagen Ch"]
[Site "Copenhagen"]
[Date "2004.10.15"]
[Round "7"]
[White "Andersen, Ejnar"]
[Black "Auchenberg, Per"]
[Result "0-1"]
[WhiteElo "2048"]
[BlackElo "2088"]
[PlyCount "92"]
[EventDate "2004.??.??"]
[EventType "swiss"]
[EventRounds "9"]
[EventCountry "DEN"]

1. d4 Nf6 2. Nf3 e6 3. e3 b6 4. Bd3 Bb7 5. Nbd2 c5 6. O-O Nc6 7. a3 Be7 8. b3
O-O 9. Bb2 d6 10. Qe2 Re8 11. Rfd1 Qc7 12. c4 e5 13. d5 Nb8 14. e4 Nbd7 15. Nf1
Nh5 16. g3 g6 17. Ne3 Ndf6 18. Qc2 Bc8 19. Bf1 Ng4 20. Nxg4 Bxg4 21. Bg2 Qd7
22. Rd2 Bf8 23. Rf1 Bh6 24. Bc1 Bxd2 25. Bxd2 Rab8 26. a4 a6 27. Nh4 Bh3 28.
Bh6 b5 29. cxb5 axb5 30. a5 Ra8 31. Qd2 b4 32. Ra1 Ra7 33. Bf3 Bg4 34. Bg2 Rea8
35. f3 Bh3 36. g4 Bxg2 37. gxh5 Bh3 38. Qg5 Qe7 39. Qg3 Bd7 40. hxg6 fxg6 41.
Bg5 Qf7 42. f4 Rxa5 43. Rxa5 Rxa5 44. f5 Ra1+ 45. Kf2 Bb5 46. f6 Qa7 {Tid.} 0-1

[Event "Copenhagen Ch"]
[Site "Copenhagen"]
[Date "2004.10.09"]
[Round "1"]
[White "Andersen, Ejnar"]
[Black "Al Saad, Mofid"]
[Result "1-0"]
[WhiteElo "2048"]
[BlackElo "1507"]
[PlyCount "92"]
[EventDate "2004.??.??"]
[EventType "swiss"]
[EventRounds "9"]
[EventCountry "DEN"]

1. g3 Nf6 2. Bg2 g6 3. e4 d6 4. d4 Bg7 5. Nc3 O-O 6. Nge2 e5 7. O-O Nc6 8. d5
Ne7 9. h3 a5 10. Be3 Nd7 11. Qd2 f5 12. Rad1 Nf6 13. f3 Bd7 14. a4 Qc8 15. Kh2
Rf7 16. Nb5 Bxb5 17. axb5 Qd7 18. c4 b6 19. Nc3 Nh5 20. exf5 Nxf5 21. Bf2 Bh6
22. Qd3 Nf6 23. h4 Re8 24. Bh3 Nh5 25. Ne4 Qd8 26. Rde1 Ref8 27. Re2 Kh8 28.
Be1 Nxh4 29. gxh4 Bf4+ 30. Kg1 Bh6 31. Bd2 Rf4 32. Bg4 Rxg4+ 33. fxg4 Nf4 34.
Bxf4 Bxf4 35. Qh3 Qe7 36. g5 Rf5 37. Rg2 Qf8 38. Nf6 Qe7 39. Re2 Qf8 40. Qg4 h5
41. Qg2 Qf7 42. b4 axb4 43. Ra1 Kg7 44. Ra8 Rxf6 45. gxf6+ Qxf6 46. Qh3 Qe7 1-0

[Event "Copenhagen Ch"]
[Site "Copenhagen"]
[Date "2004.10.12"]
[Round "4"]
[White "Andersen, Ejnar"]
[Black "Korolev, Nikolaj"]
[Result "1-0"]
[WhiteElo "2048"]
[BlackElo "2107"]
[PlyCount "92"]
[EventDate "2004.??.??"]
[EventType "swiss"]
[EventRounds "9"]
[EventCountry "DEN"]

1. d4 Nf6 2. Nf3 e6 3. e3 b6 4. Bd3 Bb7 5. Nbd2 Be7 6. O-O O-O 7. b3 c5 8. Bb2
Nc6 9. a3 d5 10. Qe2 Rc8 11. Rad1 Qc7 12. c4 Rfd8 13. cxd5 Nxd5 14. Bb1 g6 15.
dxc5 Bxc5 16. Rc1 Qe7 17. b4 Bd6 18. Ne4 Bb8 19. Ba1 e5 20. Ba2 Rd7 21. g3 a6
22. Nfd2 Rcd8 23. Rfd1 Kf8 24. Nc3 Nxc3 25. Bxc3 Na7 26. Nc4 Bc7 27. Rxd7 Rxd7
28. Rd1 Rxd1+ 29. Qxd1 b5 30. Nd2 Qd7 31. Qb3 Nc8 32. Qb2 Qc6 33. e4 Qf6 34.
Bd5 Bb6 35. Nf1 Bxd5 36. exd5 Bc7 37. Ne3 Qg5 38. Bd2 Nb6 39. Qc3 Qe7 40. Qc5
Na4 41. Qc6 Qd6 42. Qa8+ Kg7 43. Ng4 h5 44. Bh6+ Kh7 45. Bf8 Qb6 46. Ne3 Bd6 {
Tid.} 1-0

[Event "Copenhagen Ch"]
[Site "Copenhagen"]
[Date "2004.10.13"]
[Round "5"]
[White "Andersen, Niels Erik"]
[Black "Auchenberg, Per"]
[Result "0-1"]
[WhiteElo "1994"]
[BlackElo "2088"]
[PlyCount "68"]
[EventDate "2004.??.??"]
[EventType "swiss"]
[EventRounds "9"]
[EventCountry "DEN"]

1. d4 Nf6 2. c4 e6 3. Nc3 Bb4 4. Qc2 O-O 5. e4 c5 6. e5 cxd4 7. exf6 dxc3 8.
bxc3 Qxf6 9. Bd2 Bc5 10. Nf3 h6 11. Be2 Nc6 12. O-O b6 13. Rad1 Bb7 14. Qe4 Nd4
15. Qxb7 Nxe2+ 16. Kh1 d6 17. Be3 Nxc3 18. Bd4 Bxd4 19. Rxd4 d5 20. cxd5 Nxd5
21. Ra4 a5 22. Rg4 Rac8 23. Nd2 Rc2 24. Ne4 Qf5 25. h3 Rxa2 26. Ng3 Qe5 27. f4
Qc3 28. Nh5 Ra1 29. Rxa1 Qxa1+ 30. Kh2 g6 31. Qd7 Kh7 32. Qd6 gxh5 33. Qxf8
hxg4 34. Qxf7+ Qg7 0-1

[Event "Copenhagen Ch"]
[Site "Copenhagen"]
[Date "2004.10.17"]
[Round "9"]
[White "Andersen, Niels Erik"]
[Black "Hansen, Alexei"]
[Result "1-0"]
[WhiteElo "1994"]
[BlackElo "2047"]
[PlyCount "90"]
[EventDate "2004.??.??"]
[EventType "swiss"]
[EventRounds "9"]
[EventCountry "DEN"]

1. d4 Nf6 2. Nf3 g6 3. c4 Bg7 4. Nc3 O-O 5. e4 d6 6. h3 Nbd7 7. Be2 e5 8. d5
Ne8 9. g4 c5 10. Be3 Nc7 11. Qd2 Re8 12. Bh6 Bh8 13. Nh4 Rb8 14. Nf5 Nf6 15.
Ng3 Bd7 16. g5 Nfxd5 17. exd5 b5 18. Nce4 Bc8 19. Nf6+ Bxf6 20. gxf6 bxc4 21.
Bxc4 e4 22. Bg7 Re5 23. h4 Ne8 24. h5 e3 25. fxe3 Nxg7 26. hxg6 fxg6 27. fxg7
Qg5 28. Nf1 Qf6 29. O-O-O Rb4 30. Qc3 Bg4 31. Re1 Qxg7 32. Nd2 Qe7 33. Nb3 Re4
34. Nd2 Re5 35. a3 Rb8 36. Nb3 Re8 37. Nxc5 Bf3 38. Rhf1 Bg2 39. Rg1 Bxd5 40.
Nd3 Rh5 41. Nf4 Bxc4 42. Nxh5 Rc8 43. Nf6+ Kf8 44. Nd5 Qe5 45. Rgf1+ Kg8 1-0

[Event "Copenhagen Ch"]
[Site "Copenhagen"]
[Date "2004.10.11"]
[Round "3"]
[White "Andersen, Niels Erik"]
[Black "Al Saad, Mofid"]
[Result "1-0"]
[WhiteElo "1994"]
[BlackElo "1507"]
[PlyCount "75"]
[EventDate "2004.??.??"]
[EventType "swiss"]
[EventRounds "9"]
[EventCountry "DEN"]

1. d4 d5 2. c4 c6 3. cxd5 cxd5 4. Nc3 Nf6 5. Nf3 Nc6 6. Bf4 Bf5 7. e3 e6 8. Qb3
Bb4 9. Bb5 Qa5 10. O-O O-O 11. a3 Bxc3 12. bxc3 Rac8 13. Be2 Ne4 14. Rfc1 e5
15. Nxe5 Nxe5 16. Bxe5 Nxc3 17. Bf1 b5 18. Bd6 Ne4 19. Bxf8 Rxf8 20. Qxb5 Qd8
21. Qb7 a5 22. Rc7 Be6 23. Qa7 Qh4 24. Ra2 Nf6 25. g3 Qh5 26. Qxa5 Ng4 27. h3
Nf6 28. h4 g5 29. hxg5 Ng4 30. Bg2 Qxg5 31. Qe1 Qh5 32. f3 Nf6 33. a4 Nd7 34.
a5 Ra8 35. a6 Nb6 36. Rb7 Nc4 37. a7 Kg7 38. Rb8 1-0

[Event "Copenhagen Ch"]
[Site "Copenhagen"]
[Date "2004.10.09"]
[Round "1"]
[White "Andersen, Niels Erik"]
[Black "Petersen, Steen"]
[Result "0-1"]
[WhiteElo "1994"]
[BlackElo "2198"]
[PlyCount "100"]
[EventDate "2004.??.??"]
[EventType "swiss"]
[EventRounds "9"]
[EventCountry "DEN"]

1. d4 Nf6 2. c4 e6 3. Nc3 Bb4 4. Qc2 O-O 5. e4 d5 6. e5 Ne4 7. a3 Bxc3+ 8. bxc3
c5 9. Bd3 cxd4 10. cxd4 Nc6 11. Ne2 f6 12. Bxe4 dxe4 13. Bb2 fxe5 14. dxe5 Qd3
15. Rc1 Na5 16. Ng3 Nb3 17. Qxd3 exd3 18. Rc3 Nc5 19. Bc1 Rd8 20. Be3 Na4 21.
Rb3 b6 22. Kd2 Ba6 23. Rc1 Rac8 24. Rb4 Nc5 25. f3 Bb7 26. Rc3 Bc6 27. Bxc5
bxc5 28. Rb1 Rd4 29. Re1 Rb8 30. Rxd3 Rxc4 31. Ke3 Bd5 32. Ne2 Rb2 33. Nf4 Rxf4
34. Kxf4 Rxg2 35. Rb1 g5+ 36. Ke3 Rxh2 37. Rc3 Rh3 38. Kf2 c4 39. Rg1 h6 40.
Rg3 Rh2+ 41. Ke3 Rh4 42. Rg4 Rh3 43. Kf2 Rh2+ 44. Kg3 Rb2 45. f4 Rb3 46. Rxb3
cxb3 47. fxg5 a5 48. gxh6+ Kh8 49. Kf4 b2 50. Rg1 Ba2 0-1

[Event "Copenhagen Ch"]
[Site "Copenhagen"]
[Date "2004.10.15"]
[Round "7"]
[White "Andersen, Niels Erik"]
[Black "Korolev, Nikolaj"]
[Result "0-1"]
[WhiteElo "1994"]
[BlackElo "2107"]
[PlyCount "96"]
[EventDate "2004.??.??"]
[EventType "swiss"]
[EventRounds "9"]
[EventCountry "DEN"]

1. d4 Nf6 2. c4 e6 3. Nc3 Bb4 4. Qc2 O-O 5. e4 d5 6. e5 Ne4 7. a3 Bxc3+ 8. bxc3
c5 9. Be3 Qa5 10. Ne2 Nc6 11. f3 cxd4 12. Nxd4 Qxc3+ 13. Qxc3 Nxc3 14. Nxc6
bxc6 15. Bc5 Rd8 16. Bd6 Ba6 17. Rc1 Na4 18. c5 Bxf1 19. Rxf1 Nb2 20. Rc3 Nc4
21. Ke2 f6 22. f4 Kf7 23. Rb1 Rd7 24. Kd3 h5 25. Rcb3 Na5 26. Rb8 Rxb8 27. Rxb8
Kg6 28. Rh8 Rb7 29. h3 Rb3+ 30. Kc2 Rg3 31. exf6 Rxg2+ 32. Kd1 Kxf6 33. Ra8 Ra2
34. Rxa7 Rxa3 35. Be5+ Kf5 36. Rxg7 Rxh3 37. Rf7+ Ke4 38. Re7 Kd3 39. Ke1 Re3+
40. Kf2 Nb3 41. Rxe6 Nxc5 42. Rxc6 Ne4+ 43. Kg2 h4 44. Rh6 Rg3+ 45. Kh2 Rg4 46.
Rh8 Nf2 47. f5 Ke4 48. Bb8 Kf3 0-1

[Event "Copenhagen Ch"]
[Site "Copenhagen"]
[Date "2004.10.14"]
[Round "6"]
[White "Auchenberg, Per"]
[Black "Paaske, Asger"]
[Result "1/2-1/2"]
[WhiteElo "2088"]
[BlackElo "2132"]
[PlyCount "97"]
[EventDate "2004.??.??"]
[EventType "swiss"]
[EventRounds "9"]
[EventCountry "DEN"]

1. e4 c5 2. c3 d5 3. exd5 Qxd5 4. d4 Nf6 5. Nf3 Bg4 6. Be2 e6 7. h3 Bh5 8. O-O
Nc6 9. Be3 cxd4 10. cxd4 Be7 11. Nc3 Qd6 12. Nb5 Qb8 13. Ne5 Bxe2 14. Qxe2 Nd5
15. Nxc6 bxc6 16. Nc3 Nxc3 17. bxc3 O-O 18. Rab1 Qc7 19. Qa6 Rab8 20. Rb3 Rb6
21. Qc4 Rfb8 22. Rfb1 Bd6 23. Kh1 h6 24. Kg1 Kf8 25. Kh1 Rxb3 26. Rxb3 Rxb3 27.
axb3 Qa5 28. g3 Qd5+ 29. Qxd5 cxd5 30. Kg2 Ke7 31. Kf3 Kd7 32. Ke2 Kc6 33. Kd3
a6 34. Bd2 f6 35. g4 Kb5 36. f3 g5 37. Bc1 a5 38. Bd2 Bc7 39. Be3 a4 40. bxa4+
Kxa4 41. c4 Kb3 42. cxd5 exd5 43. Bd2 Ka4 44. Be1 Kb5 45. h4 Kc6 46. h5 Kb5 47.
Bd2 Bd6 48. Bc1 Ka4 49. Bd2 1/2-1/2

[Event "Copenhagen Ch"]
[Site "Copenhagen"]
[Date "2004.10.12"]
[Round "4"]
[White "Auchenberg, Per"]
[Black "Thestrup, Sixten"]
[Result "1/2-1/2"]
[WhiteElo "2088"]
[BlackElo "1906"]
[PlyCount "72"]
[EventDate "2004.??.??"]
[EventType "swiss"]
[EventRounds "9"]
[EventCountry "DEN"]

1. d4 d6 2. e4 Nf6 3. Nc3 g6 4. Be3 c6 5. Qd2 b5 6. f3 Nbd7 7. g4 Nb6 8. g5
Nfd7 9. d5 Ne5 10. dxc6 Nbc4 11. c7 Qxc7 12. Nd5 Qb7 13. Bxc4 Nxc4 14. Qc3 Nxe3
15. Nc7+ Kd7 16. Nxa8 Nxc2+ 17. Qxc2 Qxa8 18. Qb3 Qc6 19. Ne2 Qc4 20. Qe3 Qb4+
21. Nc3 Bg7 22. Qxa7+ Ke6 23. Qe3 Qxb2 24. Rc1 Qb4 25. Qd3 Bb7 26. O-O Qc5+ 27.
Kh1 Qxg5 28. Nxb5 Be5 29. Nd4+ Kf6 30. Rc7 Qh4 31. f4 Bxf4 32. Qg3 Bxe4+ 33.
Kg1 Qxg3+ 34. hxg3 Ke5 35. Rxf4 Kxd4 36. Rxe7 f5 1/2-1/2

[Event "Copenhagen Ch"]
[Site "Copenhagen"]
[Date "2004.10.17"]
[Round "9"]
[White "Auchenberg, Per"]
[Black "Nilsson, Nils Specht"]
[Result "1-0"]
[WhiteElo "2088"]
[BlackElo "2115"]
[PlyCount "61"]
[EventDate "2004.??.??"]
[EventType "swiss"]
[EventRounds "9"]
[EventCountry "DEN"]

1. e4 c6 2. d4 d5 3. Nc3 g6 4. Nf3 Bg7 5. Be3 Nf6 6. e5 Ng4 7. Bf4 h5 8. Bd3
Qb6 9. Na4 Qa5+ 10. c3 Nh6 11. b4 Qc7 12. Qd2 Bf5 13. e6 Qc8 14. Bxf5 gxf5 15.
exf7+ Nxf7 16. O-O Nd7 17. Qd3 b5 18. Nc5 Nxc5 19. bxc5 O-O 20. Nh4 Nh8 21.
Rfe1 Qd7 22. Re3 Rf7 23. Rae1 a5 24. Qe2 b4 25. Qxh5 bxc3 26. Rxc3 Bxd4 27.
Rg3+ Bg7 28. Be5 e6 29. Nf3 f4 30. Rh3 Re8 31. Qxh8+ 1-0

[Event "Copenhagen Ch"]
[Site "Copenhagen"]
[Date "2004.10.10"]
[Round "2"]
[White "Auchenberg, Per"]
[Black "Skovgaard, Peter Nicolai"]
[Result "0-1"]
[WhiteElo "2088"]
[BlackElo "2137"]
[PlyCount "60"]
[EventDate "2004.??.??"]
[EventType "swiss"]
[EventRounds "9"]
[EventCountry "DEN"]

1. e4 c5 2. Nc3 Nc6 3. g3 g6 4. Bg2 Bg7 5. d3 e6 6. Be3 d6 7. Qd2 Rb8 8. Nge2
Nd4 9. Bxd4 cxd4 10. Nb5 e5 11. Nxa7 Bd7 12. a4 Ra8 13. Qb4 Rxa7 14. Qxd6 Rxa4
15. O-O Bc6 16. Qc5 Rxa1 17. Rxa1 Ne7 18. b4 b6 19. Qc4 Qd7 20. Ra6 O-O 21.
Rxb6 Rc8 22. Qa2 Qc7 23. Qa5 Ra8 24. Ra6 Qxa5 25. Rxa5 Rxa5 26. bxa5 Ba4 27. a6
Nc6 28. Nc1 Bxc2 29. Bf1 Bh6 30. Na2 Bd2 0-1

[Event "Copenhagen Ch"]
[Site "Copenhagen"]
[Date "2004.10.13"]
[Round "5"]
[White "Christensen, Esben"]
[Black "Andersen, Ejnar"]
[Result "1/2-1/2"]
[WhiteElo "2108"]
[BlackElo "2048"]
[PlyCount "132"]
[EventDate "2004.??.??"]
[EventType "swiss"]
[EventRounds "9"]
[EventCountry "DEN"]

1. e4 d6 2. Nf3 g6 3. d4 Bg7 4. h3 c6 5. Bc4 d5 6. exd5 cxd5 7. Bd3 Nc6 8. c3
Qc7 9. O-O h6 10. Re1 e6 11. Na3 a6 12. c4 Nge7 13. Nc2 dxc4 14. Be4 O-O 15. a4
Nd5 16. Ne3 Nce7 17. Ng4 g5 18. Nge5 f6 19. Ng6 Nxg6 20. Bxg6 Bd7 21. Bb1 Nf4
22. Bxf4 Qxf4 23. Qc2 f5 24. Qxc4 g4 25. hxg4 fxg4 26. Qc2 Rf5 27. Nh4 g3 28.
Nxf5 exf5 29. Qb3+ Kh8 30. Qxg3 Qxd4 31. Bd3 Rg8 32. Rad1 Bf6 33. Qh3 Bh4 34.
Qe3 Qg7 35. g3 Bg5 36. Qe5 Bf6 37. Qd6 Bxa4 38. Rc1 Bc6 39. Bxf5 Qg5 40. Bh3
Bxb2 41. Rc5 Rd8 42. Rxg5 Rxd6 43. Rf5 Kg7 44. Bg2 Bxg2 45. Kxg2 b5 46. g4 Bf6
47. Rb1 Rd4 48. Kg3 Bd8 49. Rc5 Rd6 50. Rb3 Bb6 51. Rf5 Rd4 52. Rbf3 Bd8 53.
Rf7+ Kg6 54. Ra7 a5 55. Ra6+ Kg7 56. Ra7+ Kg6 57. Ra6+ Kg7 58. Rf5 b4 59. Ra7+
Kg6 60. Ra6+ Kg7 61. Ra7+ Kg6 62. f3 b3 63. Ra6+ Kg7 64. Ra7+ Kg6 65. Ra6+ Kg7
66. Ra7+ Kg6 1/2-1/2

[Event "Copenhagen Ch"]
[Site "Copenhagen"]
[Date "2004.10.14"]
[Round "6"]
[White "Christensen, Esben"]
[Black "Lund, Silas"]
[Result "1/2-1/2"]
[WhiteElo "2108"]
[BlackElo "2307"]
[PlyCount "34"]
[EventDate "2004.??.??"]
[EventType "swiss"]
[EventRounds "9"]
[EventCountry "DEN"]

1. e4 e5 2. Nf3 Nc6 3. Bc4 Nf6 4. d3 Be7 5. O-O O-O 6. c3 d6 7. Bb3 Bg4 8. Re1
d5 9. Nbd2 Re8 10. Nf1 dxe4 11. dxe4 Qxd1 12. Bxd1 h6 13. Ng3 Rad8 14. h3 Be6
15. Ba4 Bd6 16. Be3 Bd7 17. Bc2 Be6 1/2-1/2

[Event "Copenhagen Ch"]
[Site "Copenhagen"]
[Date "2004.10.11"]
[Round "3"]
[White "Christensen, Esben"]
[Black "Nilsson, Nils Specht"]
[Result "0-1"]
[WhiteElo "2108"]
[BlackElo "2115"]
[PlyCount "50"]
[EventDate "2004.??.??"]
[EventType "swiss"]
[EventRounds "9"]
[EventCountry "DEN"]

1. e4 c5 2. Nf3 Nc6 3. d4 cxd4 4. Nxd4 g6 5. Be3 Bg7 6. Be2 Nf6 7. Nc3 O-O 8.
O-O d5 9. exd5 Nb4 10. Qd2 Nbxd5 11. Nxd5 Nxd5 12. Bh6 Bxh6 13. Qxh6 Qb6 14.
Nb3 Qf6 15. c3 Nf4 16. Bf3 a5 17. Nc5 Nh3+ 18. Kh1 Ng5 19. Ne4 Nxe4 20. Bxe4 a4
21. Qe3 Ra5 22. Rfd1 Rh5 23. Bf3 Re5 24. Qd4 b5 25. c4 Re1+ 0-1

[Event "Copenhagen Ch"]
[Site "Copenhagen"]
[Date "2004.10.17"]
[Round "9"]
[White "Christensen, Esben"]
[Black "Aabling Thomsen, Jakob"]
[Result "0-1"]
[WhiteElo "2108"]
[BlackElo "2136"]
[PlyCount "86"]
[EventDate "2004.??.??"]
[EventType "swiss"]
[EventRounds "9"]
[EventCountry "DEN"]

1. e4 c5 2. Nf3 Nc6 3. d4 cxd4 4. Nxd4 g6 5. Nc3 Bg7 6. Be3 Nf6 7. Be2 O-O 8.
O-O d5 9. exd5 Nb4 10. Qd2 Nbxd5 11. Nxd5 Nxd5 12. Bh6 Bxh6 13. Qxh6 e5 14. Nf3
Qf6 15. Ng5 Qg7 16. Qxg7+ Kxg7 17. Bc4 Nb6 18. Bb3 h6 19. Ne4 Bd7 20. Nd6 Bc6
21. f4 exf4 22. Rxf4 Bd5 23. c4 Rad8 24. c5 Bxb3 25. axb3 Nd5 26. Rd4 Ne7 27.
Re4 Nc6 28. b4 b6 29. Ra6 Rd7 30. Nb5 Rb8 31. Nc3 Nd4 32. Na4 f5 33. Rxd4 Rxd4
34. Rxa7+ Kf6 35. Nxb6 Re8 36. Ra1 Re2 37. Rc1 Rdd2 38. c6 Rxg2+ 39. Kh1 Rxh2+
40. Kg1 f4 41. Nd5+ Ke5 42. c7 Rdg2+ 43. Kf1 f3 0-1